[Event "Corona Amateur Tournament (C-HTO)"]
[Site "Biel/Bienne"]
[Date "2020.07.27"]
[Round "7.1"]
[White "Bauer, Christian"]
[Black "Gschnitzer, Adrian"]
[Result "1-0"]
[WhiteElo "2623"]
[BlackElo "2404"]
[PlyCount "80"]
[EventDate "2020.07.20"]

1. d4 Nf6 2. c4 c5 3. d5 b5 4. cxb5 a6 5. bxa6 g6 6. Nc3 Bg7 7. e4 O-O 8. a7
Rxa7 9. Nf3 e6 10. Be2 exd5 11. exd5 d6 12. O-O Na6 13. Nd2 Nc7 14. Nc4 Re8 15.
Bg5 Ba6 16. Re1 Qd7 17. Rc1 Qf5 18. Bxf6 Qxf6 19. Bf1 Rxe1 20. Qxe1 Bxc4 21.
Bxc4 Ra8 22. Rc2 Qd4 23. b3 Re8 24. Re2 Rxe2 25. Nxe2 Qe4 26. Qd1 Bd4 27. Qd3
Qe5 28. Qf3 f5 29. a4 Bb2 30. a5 Ba3 31. g4 Bb4 32. a6 Nxa6 33. Bxa6 Qa1+ 34.
Kg2 Qxa6 35. gxf5 gxf5 36. Ng3 f4 37. Qxf4 Bc3 38. Nf5 Qd3 39. Qg5+ Kf7 40.
Nxd6+ Kf8 1-0

[Event "Corona Amateur Tournament (C-HTO)"]
[Site "Biel/Bienne"]
[Date "2020.07.27"]
[Round "7.2"]
[White "Bellahcene, Bilel"]
[Black "Buchenau, Frank"]
[Result "1/2-1/2"]
[WhiteElo "2502"]
[BlackElo "2278"]
[PlyCount "129"]
[EventDate "2020.07.20"]

1. d4 e6 2. c4 Nf6 3. Nf3 b6 4. g3 Bb7 5. Bg2 Be7 6. O-O O-O 7. Nc3 Ne4 8. Bd2
Bf6 9. Be1 Nxc3 10. Bxc3 Be4 11. Rc1 d6 12. Qa4 Qe8 13. Qa3 a5 14. Rfd1 b5 15.
cxb5 Qxb5 16. Bf1 Nc6 17. Nd2 Bg6 18. e3 Qb7 19. Bg2 d5 20. Nb3 Be7 21. Qa4
Rfb8 22. Bf1 Nb4 23. Nc5 Bxc5 24. dxc5 Qc6 25. Qxc6 Nxc6 26. a3 f6 27. f3 Kf7
28. e4 Rd8 29. exd5 exd5 30. Bb5 Ne7 31. c6 Nf5 32. Kf2 h5 33. a4 d4 34. Bc4+
Kf8 35. Bd2 Bf7 36. Bxf7 Kxf7 37. Bf4 Ra7 38. Rc4 g5 39. Bc1 Ke6 40. Rc5 Rd5
41. Rc4 Ra6 42. Bd2 Kd6 43. b4 Ne3 44. Bxe3 dxe3+ 45. Ke2 Rxd1 46. Kxd1 axb4
47. Rxb4 Rxc6 48. Rb2 Rc3 49. Ra2 Kc6 50. a5 Kb7 51. a6+ Ka7 52. Ke2 c5 53. h3
Rb3 54. Ra5 Rc3 55. Ra4 Rc2+ 56. Kxe3 Rg2 57. g4 Rh2 58. gxh5 Rxh3 59. Rc4 g4
60. Rxg4 Rxh5 61. Ra4 Re5+ 62. Kd3 Rd5+ 63. Ke4 Re5+ 64. Kf4 Rd5 65. Ke4
1/2-1/2

[Event "Corona Amateur Tournament (C-HTO)"]
[Site "Biel/Bienne"]
[Date "2020.07.27"]
[Round "7.3"]
[White "Kamber, Bruno"]
[Black "Meins, Gerlef"]
[Result "1/2-1/2"]
[WhiteElo "2290"]
[BlackElo "2415"]
[Annotator "olive"]
[PlyCount "58"]
[EventDate "2020.07.20"]

1. e4 c5 2. Nf3 d6 3. Bb5+ Nd7 (3... Bd7) 4. d4 cxd4 5. Qxd4 a6 6. Bxd7+ Bxd7
7. c4 e5 8. Qd3 Be7 9. Nc3 Nf6 10. Bg5 Be6 11. Bxf6 Bxf6 12. Nd5 O-O 13. O-O a5
14. Rfc1 Ra6 15. Rc3 Be7 16. Rd1 Qd7 17. Rb3 Rb8 18. c5 Bxd5 19. Qxd5 Qc7 20.
Rb5 Rc6 21. a4 Rxc5 22. Rxc5 Qxc5 23. Qxc5 dxc5 24. Nxe5 f6 25. Nc4 b5 26. axb5
Rxb5 27. Kf1 Rb4 28. Nxa5 Rxb2 29. Nc4 Rb4 1/2-1/2

[Event "Corona Amateur Tournament (C-HTO)"]
[Site "Biel/Bienne"]
[Date "2020.07.27"]
[Round "7.4"]
[White "Contin, Daniel"]
[Black "Mathieu, Phileas"]
[Result "0-1"]
[WhiteElo "2251"]
[BlackElo "2214"]
[PlyCount "118"]
[EventDate "2020.07.20"]

1. Nf3 c5 2. c4 Nc6 3. b3 d6 4. Bb2 e5 5. Nc3 g6 6. g3 Bg7 7. Bg2 Nge7 8. d3
O-O 9. O-O h6 10. Ne1 Be6 11. Nd5 Qd7 12. Qd2 Bh3 13. f4 Bxg2 14. Kxg2 Rae8 15.
Nc2 f5 16. Nce3 Nxd5 17. Nxd5 Ne7 18. fxe5 Nxd5 19. cxd5 Bxe5 20. Bxe5 Rxe5 21.
Qxh6 Qg7 22. Qxg7+ Kxg7 23. Rae1 Rfe8 24. Kf3 Rxd5 25. h4 Rde5 26. e3 d5 27.
Rf2 Kf6 28. Rc2 b6 29. a3 d4 30. e4 fxe4+ 31. dxe4 R5e7 32. b4 Rc8 33. bxc5
bxc5 34. Rec1 Rec7 35. Kf4 Ke6 36. Rc4 Kd6 37. g4 Re8 38. Ra4 Rf7+ 39. Kg5 Rxe4
40. Ra6+ Kd5 41. Kxg6 Rc7 42. Rg1 d3 43. h5 d2 44. Rd1 Rxg4+ 45. Kf5 Rg2 46.
Kf4 c4 47. Kf3 Rh2 48. Kg3 Re2 49. Kf3 Rce7 50. Rxa7 R7e3+ 51. Kf4 c3 52. Rc7
Rh3 53. Kg4 Reh2 54. a4 Rh1 55. Rxc3 Rxd1 56. Rc8 Rhh1 57. Rd8+ Ke6 58. Kg5
Rdg1+ 59. Kh6 d1=Q 0-1

[Event "Corona Amateur Tournament (C-HTO)"]
[Site "Biel/Bienne"]
[Date "2020.07.27"]
[Round "7.5"]
[White "Siebrecht, Sebastian"]
[Black "Decker, Nils"]
[Result "1-0"]
[WhiteElo "2429"]
[BlackElo "2047"]
[PlyCount "79"]
[EventDate "2020.07.20"]

1. Nf3 d5 2. e3 Nf6 3. c4 e6 4. d4 b6 5. Nc3 Bb7 6. cxd5 exd5 7. Bb5+ c6 8. Bd3
Nbd7 9. Ne5 Bd6 10. f4 O-O 11. O-O Rc8 12. Qf3 b5 13. a3 a5 14. Qh3 Rc7 15. Bd2
Bc8 16. Qf3 b4 17. axb4 axb4 18. Ne2 c5 19. Ng3 Nb8 20. Rac1 Re8 21. h3 Rf8 22.
Qd1 Qe8 23. b3 Qe7 24. Qe1 Be6 25. Qe2 Rfc8 26. Nf5 Bxf5 27. Bxf5 Nfd7 28. Qf3
Bxe5 29. fxe5 Rd8 30. Qg3 Rcc8 31. e4 cxd4 32. Bg5 Qe8 33. Qh4 g6 34. e6 fxe6
35. Bxd8 Rxc1 36. Rxc1 exf5 37. Rc8 d3 38. Qh6 d2 39. Qxd2 Nf6 40. Rxb8 1-0

[Event "Corona Amateur Tournament (C-HTO)"]
[Site "Biel/Bienne"]
[Date "2020.07.27"]
[Round "7.6"]
[White "Emmenecker, Pierre-Antoine"]
[Black "Baenziger, Fabian"]
[Result "0-1"]
[WhiteElo "2172"]
[BlackElo "2403"]
[PlyCount "66"]
[EventDate "2020.07.20"]

1. e4 c5 2. Nf3 d6 3. d4 cxd4 4. Qxd4 Nc6 5. Bb5 Bd7 6. Qd3 Rc8 7. c4 g6 8. O-O
Bg7 9. Nc3 Nf6 10. h3 O-O 11. Be3 a6 12. Bxc6 Bxc6 13. Nd4 Nd7 14. Rfd1 Ne5 15.
Qe2 Bd7 16. b3 b5 17. f4 Nc6 18. Nxc6 Bxc6 19. Bd4 Bxd4+ 20. Rxd4 e5 21. Rd2
exf4 22. cxb5 axb5 23. Nxb5 f3 24. Qd3 Qg5 25. Nxd6 Rcd8 26. Rad1 fxg2 27. Qc3
Qh5 28. Kxg2 Rxd6 29. Rxd6 Bxe4+ 30. Kf2 Qf5+ 31. Ke1 Qg5 32. Qf6 Qe3+ 33. Kf1
Bf5 0-1

[Event "Corona Amateur Tournament (C-HTO)"]
[Site "Biel/Bienne"]
[Date "2020.07.27"]
[Round "7.7"]
[White "Ermitsch, Magnus"]
[Black "Fecker, Noah"]
[Result "0-1"]
[WhiteElo "2000"]
[BlackElo "2346"]
[PlyCount "114"]
[EventDate "2020.07.20"]

1. e4 c6 2. Nf3 d5 3. Nc3 dxe4 4. Nxe4 Nf6 5. Qe2 Bg4 6. h3 Bh5 7. Ng3 Bg6 8.
Qc4 Nbd7 9. d4 e6 10. Be2 Bd6 11. Nf1 Qc7 12. Ne3 O-O 13. O-O Rfd8 14. Ng4 Nd5
15. Bg5 f6 16. Bd2 Bf7 17. Rfe1 Nf4 18. Bxf4 Bxf4 19. Qb3 b5 20. g3 Bxg3 21.
fxg3 Qxg3+ 22. Kh1 e5 23. c4 Qxh3+ 24. Nfh2 Qxb3 25. axb3 h5 26. Nf2 bxc4 27.
Bxc4 exd4 28. Nd3 Nb6 29. Bxf7+ Kxf7 30. Rec1 Rd6 31. Nb4 d3 32. Rd1 d2 33. Nf3
c5 34. Na6 Rd3 35. Kg2 Rc8 36. Rxd2 Rxb3 37. Rc1 Rb5 38. Rdc2 c4 39. Nd2 Rd8
40. Nxc4 Nxc4 41. Rxc4 Rxb2+ 42. R1c2 Rxc2+ 43. Rxc2 Rd7 44. Ra2 g5 45. Nb4 Kg6
46. Nc6 h4 47. Nxa7 g4 48. Nc6 Kg5 49. Ra5+ f5 50. Ne5 Rc7 51. Ra2 h3+ 52. Kh2
Rc1 53. Rf2 Rc3 54. Rb2 Re3 55. Nc4 Re6 56. Ra2 Kh4 57. Ra3 g3+ 0-1

[Event "Corona Amateur Tournament (C-HTO)"]
[Site "Biel/Bienne"]
[Date "2020.07.27"]
[Round "7.8"]
[White "Saya, Ethan"]
[Black "Karsay, Pascal"]
[Result "1-0"]
[WhiteElo "2199"]
[BlackElo "2304"]
[PlyCount "65"]
[EventDate "2020.07.20"]

1. d4 Nf6 2. Nf3 e6 3. e3 b6 4. Bd3 Bb7 5. O-O d5 6. Ne5 Bd6 7. f4 c5 8. c3 Nc6
9. Bd2 Qc7 10. Be1 Ne4 11. Qh5 g6 12. Qh3 O-O-O 13. Bh4 Rdf8 14. Bxe4 dxe4 15.
Bf6 Rhg8 16. Qxh7 g5 17. Nxc6 Bxc6 18. fxg5 Bb5 19. Nd2 Bxf1 20. Rxf1 cxd4 21.
cxd4 Qc2 22. Qxe4 Qxe4 23. Nxe4 Bc7 24. Be7 Re8 25. Rxf7 Rh8 26. Bd6 Bb8 27.
Bxb8 Kxb8 28. Nf6 Rc8 29. g6 Rc1+ 30. Kf2 Rxh2 31. g7 Rc2+ 32. Kf3 Rhxg2 33.
Ng4 1-0

[Event "Corona Amateur Tournament (C-HTO)"]
[Site "Biel/Bienne"]
[Date "2020.07.27"]
[Round "7.9"]
[White "Schulz, Michael"]
[Black "Adrian, Claude"]
[Result "1/2-1/2"]
[WhiteElo "2132"]
[BlackElo "2246"]
[PlyCount "98"]
[EventDate "2020.07.20"]

1. d4 d5 2. Bf4 c5 3. e3 e6 4. Nf3 Nc6 5. c3 Bd6 6. Bg3 Nf6 7. Nbd2 Qe7 8. Bd3
e5 9. dxe5 Nxe5 10. Nxe5 Bxe5 11. Bxe5 Qxe5 12. Nf3 Qc7 13. O-O O-O 14. h3 b6
15. Qa4 Bb7 16. Qh4 Rad8 17. Rac1 Rfe8 18. Rfd1 Ne4 19. Ng5 Nxg5 20. Qxg5 h6
21. Qf5 g6 22. Qf6 Re6 23. Qh4 Kg7 24. b4 Re5 25. bxc5 bxc5 26. Rb1 Rd6 27. Qa4
Bc8 28. Qa3 Rb6 29. Rxb6 axb6 30. Qb2 Kh7 31. Rb1 Re6 32. c4 Bb7 33. Qb3 Qc6
34. f3 Qd6 35. cxd5 Bxd5 36. Bc4 Bxc4 37. Qxc4 Qd2 38. e4 Qe3+ 39. Kh1 Kg7 40.
Rd1 h5 41. Qc2 h4 42. Qb2+ Kh7 43. Rd8 Qe1+ 44. Kh2 Qg3+ 45. Kg1 Qe1+ 46. Kh2
Qg3+ 47. Kg1 Qe1+ 48. Kh2 Qg3+ 49. Kg1 Qe1+ 1/2-1/2

[Event "Corona Amateur Tournament (C-HTO)"]
[Site "Biel/Bienne"]
[Date "2020.07.27"]
[Round "7.10"]
[White "Youssoupov, Moisse"]
[Black "Cahen, Alexis"]
[Result "1-0"]
[WhiteElo "2333"]
[BlackElo "2125"]
[Annotator "olive"]
[PlyCount "154"]
[EventDate "2020.07.20"]

1. c4 c5 2. g3 g6 3. Bg2 Bg7 4. Nc3 Nc6 5. Nf3 e5 6. O-O Nge7 7. d3 O-O 8. a3
d6 9. Rb1 a5 10. b3 Be6 11. Bb2 h6 12. Nd2 d5 13. cxd5 Nxd5 14. Nc4 Rb8 15. Ne3
Nde7 16. h3 Nd4 17. Nc4 b5 18. Nd2 Qd7 {(=)} 19. Kh2 Rfc8 20. e3 Ndf5 21. Nf3
c4 22. Ne4 Nc6 23. Nc5 Qe7 24. Nxe6 Qxe6 25. bxc4 bxc4 26. dxc4 Qxc4 27. Ba1
Nfe7 28. Rxb8 Rxb8 29. Qc1 Qxc1 30. Rxc1 Rb3 31. Bf1 Rxa3 32. Bc4 e4 33. Nd4
Ne5 34. Bb2 Nxc4 35. Bxa3 Nxa3 36. Nb3 f5 37. Nxa5 Kf7 38. Rc7 Nb5 39. Rb7 Nd6
40. Ra7 Ke6 41. Nb3 Ndc8 42. Ra6+ Kd5 43. Na5 Nd6 44. Ra7 Bf6 45. Rc7 {(=)} h5
46. h4 Nb5 47. Rb7 Nc3 48. Rd7+ Ke6 49. Rb7 Ncd5 50. Kg2 Kd6 51. Nb3 Bc3 52.
Rb8 Kc7 53. Rb5 Kc6 54. Rc5+ Kb6 55. Kf1 Bb4 56. Rc2 Nc6 57. Nc1 Ne5 58. Ne2
Nd3 59. Nd4 Be1 60. Rc6+ Kb7 61. Rd6 Nc3 62. Rxg6 Bxf2 {(=)} 63. Nxf5 Na4 64.
Nd6+ Kc7 65. Nxe4 Bxe3 66. Rg7+ Kc6 67. Rh7 Bd4 68. Rh6+ Kc7 69. Rxh5 Ne5 70.
Rh7+ Kd8 71. Nd6 Nb6 72. Rb7 Ned7 73. Nf5 Be5 74. Kg2 Nc4 75. Rb5 Nd2 76. h5
Ke8 77. Rb4 Nc5 {Rest unleserlich} 1-0

[Event "Corona Amateur Tournament (C-HTO)"]
[Site "Biel/Bienne"]
[Date "2020.07.27"]
[Round "7.11"]
[White "Briand, Amaury"]
[Black "Rohrer, Christophe"]
[Result "0-1"]
[WhiteElo "1929"]
[BlackElo "2235"]
[PlyCount "66"]
[EventDate "2020.07.20"]

1. e4 c5 2. Nf3 e6 3. d4 cxd4 4. Nxd4 a6 5. Bd3 Nf6 6. O-O Qc7 7. c4 b6 8. Nc3
Bb7 9. Nc2 Be7 10. f4 d6 11. Qe1 Nbd7 12. b4 O-O 13. Rf3 Rac8 14. a4 Rfe8 15.
Rh3 g6 16. Qg3 d5 17. exd5 exd5 18. Nxd5 Nxd5 19. cxd5 Bf6 20. Rb1 Bxd5 21. Bd2
Nf8 22. Qf2 Be4 23. Ne1 Rcd8 24. Bxe4 Rxe4 25. Kh1 Bd4 26. Qf3 Rde8 27. Qd3 Qb7
28. Nc2 Bf6 29. Re3 Rxe3 30. Bxe3 Rd8 31. Qe2 Qe4 32. h3 Rc8 33. Na3 Rc3 0-1

[Event "Corona Amateur Tournament (C-HTO)"]
[Site "Biel/Bienne"]
[Date "2020.07.27"]
[Round "7.12"]
[White "Thomas, Jeremy"]
[Black "Jovanovic, Sladjan"]
[Result "1-0"]
[WhiteElo "1914"]
[BlackElo "2176"]
[PlyCount "101"]
[EventDate "2020.07.20"]

1. e4 d6 2. d4 Nf6 3. Nc3 e5 4. dxe5 dxe5 5. Qxd8+ Kxd8 6. Bc4 Be6 7. Bxe6 fxe6
8. Be3 Bd6 9. f3 a6 10. a4 Nc6 11. O-O-O Ke7 12. Nh3 Rhb8 13. Nf2 b5 14. Nd3
Nd7 15. Rhe1 Nd4 16. Nxe5 Bxe5 17. Bxd4 Bxh2 18. b3 c5 19. Be3 Be5 20. Bd2 Rb7
21. f4 Bc7 22. axb5 axb5 23. Kb2 c4 24. Be3 Rc8 25. g3 Ba5 26. Bd4 e5 27. fxe5
Ke6 28. Ra1 Bxc3+ 29. Kxc3 Rc6 30. Ra8 Nb8 31. b4 Rcc7 32. Rf1 Rf7 33. Rxf7
Kxf7 34. Bc5 Nd7 35. Bd6 h5 36. Kd4 g5 37. Rh8 Kg6 38. e6 Rb6 39. e5 Nf6 40.
Kc5 Rb7 41. exf6 Kxf6 42. Rf8+ Kxe6 43. Rh8 Rf7 44. Rxh5 Rf5+ 45. Kc6 Kf6 46.
Rh8 Kg7 47. Rb8 Rf2 48. Rxb5 Kg6 49. c3 Re2 50. Rc5 Re4 51. b5 1-0

[Event "Corona Amateur Tournament (C-HTO)"]
[Site "Biel/Bienne"]
[Date "2020.07.27"]
[Round "7.13"]
[White "Jepsen, Thomas Tange"]
[Black "Moriniaux, Colin"]
[Result "1-0"]
[WhiteElo "2116"]
[BlackElo "1963"]
[PlyCount "97"]
[EventDate "2020.07.20"]

1. d4 Nf6 2. c4 e6 3. Nc3 c5 4. d5 exd5 5. cxd5 d6 6. Nf3 g6 7. Bg5 Bg7 8. e4
h6 9. Bh4 O-O 10. Nd2 Re8 11. Be2 Na6 12. O-O Nc7 13. a4 Rb8 14. f3 b6 15. Bb5
Bd7 16. Nc4 a6 17. Bxd7 Qxd7 18. Bg3 b5 19. Nxd6 Nh5 20. Nxe8 Nxg3 21. Nxg7
Nxf1 22. Qxf1 b4 23. Nd1 Kxg7 24. Qc4 Rc8 25. b3 Qd6 26. Rc1 Ne8 27. Nf2 Qf4
28. Re1 Nd6 29. Qxa6 c4 30. bxc4 Rxc4 31. e5 Qd2 32. Rd1 Rc1 33. Qf1 Rxd1 34.
Qxd1 Qxd1+ 35. Nxd1 Nc4 36. f4 b3 37. d6 Kf8 38. Nc3 Ke8 39. Nb1 f6 40. exf6
Nxd6 41. g4 g5 42. fxg5 hxg5 43. a5 Kf7 44. a6 Nc8 45. h4 Kxf6 46. h5 Ke6 47.
Kf2 b2 48. Ke3 Ke5 49. Nd2 1-0

[Event "Corona Amateur Tournament (C-HTO)"]
[Site "Biel/Bienne"]
[Date "2020.07.27"]
[Round "7.14"]
[White "Fecker, Jan"]
[Black "Perestjuk, Marko"]
[Result "0-1"]
[WhiteElo "1898"]
[BlackElo "2116"]
[Annotator "olive"]
[PlyCount "73"]
[EventDate "2020.07.20"]

1. d4 d5 2. Bf4 Nf6 3. e3 e6 4. Nf3 c5 5. c3 Bd6 6. Bg3 O-O 7. Bd3 Qc7 8. Nbd2
Nbd7 9. O-O Bxg3 10. hxg3 e5 11. dxe5 Nxe5 12. Nxe5 Qxe5 13. Re1 Bf5 14. Nf3
Qe6 15. Ng5 Qd7 16. e4 h6 17. Nxf7 dxe4 18. Ne5 Qc7 19. Bc4+ Kh8 20. f4 exf3
21. gxf3 Rad8 22. Qe2 a6 23. a4 Rde8 24. g4 Be4 25. f4 Rxe5 26. fxe5 Qxe5 27.
Qh2 Qg5 28. Qg3 Nh5 29. Qh3 Nf4 30. Qg3 Nh5 31. Qh3 Nf4 32. Qg3 Bc6 33. Rf1 b5
34. axb5 axb5 35. Rf2 Qe5 36. Bf1 Ne2+ 37. Kh2 0-1

[Event "Corona Amateur Tournament (C-HTO)"]
[Site "Biel/Bienne"]
[Date "2020.07.27"]
[Round "7.15"]
[White "Spanton, Tim R"]
[Black "Emmenecker, Philippe"]
[Result "0-1"]
[WhiteElo "1855"]
[BlackElo "2100"]
[Annotator "olive"]
[PlyCount "71"]
[EventDate "2020.07.20"]

1. e4 e5 2. Nf3 Nc6 3. Bb5 Bc5 4. c3 Nf6 5. d3 O-O 6. Be3 Bxe3 7. fxe3 d6 8.
O-O Ne7 9. Nbd2 c6 10. Ba4 Ng6 11. Qe1 b5 12. Bb3 Qb6 13. Kh1 a5 14. a3 Ng4 15.
d4 a4 16. Ba2 c5 17. h3 Nf6 18. dxe5 dxe5 19. Nh4 Bb7 20. Nxg6 hxg6 21. Qg3
Rad8 22. Qf2 Rxd2 23. Qxd2 Nxe4 24. Qe1 Qc6 25. Rf3 g5 26. Rd1 c4 27. Bb1 g4
28. Bxe4 Qxe4 29. hxg4 Qh7+ 30. Kg1 Bxf3 31. gxf3 e4 32. f4 Qh3 33. g5 Qg4+ 34.
Kh2 Qh5+ 35. Kg2 Qg4+ 36. Kh2 {Zug 37 bis 45 sind nicht reproduzierbar.} 0-1

[Event "Corona Amateur Tournament (C-HTO)"]
[Site "Biel/Bienne"]
[Date "2020.07.27"]
[Round "7.16"]
[White "Norden, Marc"]
[Black "Pham, Khoi"]
[Result "0-1"]
[WhiteElo "1690"]
[BlackElo "2048"]
[PlyCount "72"]
[EventDate "2020.07.20"]

1. d4 Nf6 2. c4 g6 3. Nc3 Bg7 4. Nf3 O-O 5. Bg5 d6 6. e3 Nbd7 7. Be2 c6 8. Qc2
e5 9. O-O Re8 10. Rfd1 Qe7 11. Rac1 h6 12. Bh4 g5 13. Bg3 Nh5 14. dxe5 Nxg3 15.
hxg3 dxe5 16. Ne4 Nf8 17. Nd6 e4 18. Nxc8 Raxc8 19. Nd4 Qe5 20. c5 Rc7 21. b4
Ne6 22. Nxe6 Qxe6 23. Bc4 Qe5 24. Rd4 h5 25. Qe2 g4 26. Rcd1 Qe7 27. Rd6 Be5
28. Qc2 b5 29. Bb3 Kg7 30. a3 Rec8 31. Ba2 Rb7 32. R6d2 f5 33. Qb3 Re8 34. Kf1
Kh6 35. Qf7 Qxf7 36. Bxf7 Rxf7 0-1

[Event "Corona Amateur Tournament (C-HTO)"]
[Site "Biel/Bienne"]
[Date "2020.07.27"]
[Round "7.17"]
[White "Ohler, Julius"]
[Black "Dammann, Jorn"]
[Result "0-1"]
[WhiteElo "2024"]
[BlackElo "1850"]
[PlyCount "68"]
[EventDate "2020.07.20"]

1. d4 d5 2. Bf4 Nf6 3. c3 Bf5 4. Qb3 b6 5. Nf3 e6 6. e3 Bd6 7. Ne5 O-O 8. Be2
Nfd7 9. Nd2 Bxe5 10. Bxe5 Nxe5 11. dxe5 Qg5 12. g4 Be4 13. Nxe4 dxe4 14. O-O-O
Nc6 15. Qc4 Nxe5 16. Qxe4 Ng6 17. h4 Qa5 18. Bd3 Rfd8 19. h5 Nf8 20. Kb1 Qd5
21. Qf4 e5 22. Qg3 e4 23. Bc2 Qc6 24. Qf4 Rxd1+ 25. Rxd1 Re8 26. Rd4 Ne6 27.
Qxe4 Nxd4 28. Qxd4 Qh1+ 29. Bd1 Qe1 30. Qd7 Rf8 31. g5 Qxf2 32. Bb3 Qxe3 33. g6
hxg6 34. hxg6 Qg1+ 0-1

[Event "Corona Amateur Tournament (C-HTO)"]
[Site "Biel/Bienne"]
[Date "2020.07.27"]
[Round "7.18"]
[White "Steibel, Julien"]
[Black "Rempe, Jonas"]
[Result "1-0"]
[WhiteElo "1989"]
[BlackElo "1801"]
[PlyCount "61"]
[EventDate "2020.07.20"]

1. e4 e5 2. Nf3 Nc6 3. Nc3 Nf6 4. d4 exd4 5. Nxd4 Bb4 6. Nxc6 bxc6 7. Bd3 d5 8.
exd5 O-O 9. O-O cxd5 10. h3 h6 11. Qf3 c6 12. Bf4 Bd6 13. b3 Bxf4 14. Qxf4 Qa5
15. Ne2 Ba6 16. Nd4 Bxd3 17. cxd3 Qb4 18. a3 Qb6 19. Nf5 Qb8 20. Ne7+ Kh8 21.
Qxb8 Raxb8 22. b4 Rb7 23. Nxc6 Rc8 24. b5 Kh7 25. a4 Nd7 26. Rfc1 Nb6 27. Rc5
a6 28. d4 Rbc7 29. Nb4 Rxc5 30. dxc5 Nxa4 31. Nxa6 1-0

[Event "Corona Amateur Tournament (C-HTO)"]
[Site "Biel/Bienne"]
[Date "2020.07.27"]
[Round "7.19"]
[White "Jakhari, Ansh"]
[Black "Borner, Daniel"]
[Result "1-0"]
[WhiteElo "1908"]
[BlackElo "2154"]
[PlyCount "85"]
[EventDate "2020.07.20"]

1. e4 g6 2. d4 Bg7 3. Nc3 c5 4. Nf3 cxd4 5. Nxd4 Nc6 6. Be3 Nf6 7. f3 O-O 8.
Qd2 d5 9. O-O-O dxe4 10. Nxc6 Qxd2+ 11. Rxd2 bxc6 12. Nxe4 Nxe4 13. fxe4 Be6
14. b3 a5 15. a4 Rfb8 16. Be2 c5 17. Bb5 Rc8 18. c4 Be5 19. h3 Kg7 20. Bd7 Bxd7
21. Rxd7 Bd6 22. e5 Bxe5 23. Rxe7 Bf6 24. Rd7 Ra6 25. Re1 Rb6 26. Kc2 Rcb8 27.
Bf4 Rxb3 28. Bxb8 Rb2+ 29. Kd3 Rxb8 30. Ra7 Rb4 31. Rxa5 Rb3+ 32. Ke4 Bd4 33.
Rb5 f5+ 34. Kd5 Rd3 35. Kc6 Rd2 36. a5 Rxg2 37. a6 Ra2 38. Kb7 f4 39. a7 f3 40.
a8=Q Rxa8 41. Kxa8 f2 42. Rf1 g5 43. Ra5 1-0

[Event "Corona Amateur Tournament (C-HTO)"]
[Site "Biel/Bienne"]
[Date "2020.07.27"]
[Round "7.20"]
[White "Brandt, Daniel"]
[Black "Carre, Sylvain"]
[Result "0-1"]
[WhiteElo "1872"]
[BlackElo "2106"]
[PlyCount "126"]
[EventDate "2020.07.20"]

1. c4 c6 2. d4 d5 3. cxd5 cxd5 4. Bf4 Nf6 5. Nc3 e6 6. e3 Bd6 7. Bxd6 Qxd6 8.
Rc1 O-O 9. Nf3 a6 10. Bd3 Nbd7 11. g4 g6 12. g5 Nh5 13. Qb3 b5 14. a3 Bb7 15.
Ne2 e5 16. Bb1 e4 17. Nd2 Rac8 18. Rxc8 Rxc8 19. Ba2 Nb6 20. Nxe4 Qe7 21. Nc5
Nc4 22. Bb1 Rxc5 23. dxc5 d4 24. Rf1 dxe3 25. fxe3 Nxe3 26. Rf2 Ng4 27. Rf3
Bxf3 28. Qxf3 Ne5 29. Qd5 Qxg5 30. c6 Qe7 31. b4 Nf6 32. Qg2 Qd6 33. c7 Qxc7
34. Qa8+ Kg7 35. Qxa6 Nf3+ 36. Kf2 Nd2 37. Bd3 Qxh2+ 38. Ke3 Nf1+ 39. Kd4 Qf2+
40. Kc3 Nd5+ 41. Kb2 Qf6+ 42. Qxf6+ Kxf6 43. Bxb5 Ke5 44. Ng1 Nfe3 45. Be8 f5
46. b5 g5 47. a4 g4 48. Bh5 Kd6 49. Kc1 Nc3 50. Kd2 Ned5 51. b6 Ne4+ 52. Ke1
Nxb6 53. Be8 Nc4 54. Ke2 Ke5 55. Kd3 Ned6 56. Bc6 h5 57. Ne2 h4 58. Nd4 Nb2+
59. Ke3 Ndc4+ 60. Kf2 Kxd4 61. Bb5 Nd3+ 62. Kg1 Nde5 63. Kg2 f4 0-1

[Event "Corona Amateur Tournament (C-HTO)"]
[Site "Biel/Bienne"]
[Date "2020.07.27"]
[Round "7.21"]
[White "Adrian, Leopold"]
[Black "Battistella, Valentin"]
[Result "1-0"]
[WhiteElo "2061"]
[BlackElo "1861"]
[PlyCount "59"]
[EventDate "2020.07.20"]

1. Nf3 e6 2. c4 Nf6 3. g3 d5 4. d4 c6 5. Bg2 Be7 6. O-O O-O 7. Qc2 Nbd7 8. Nbd2
b6 9. Rd1 Bb7 10. e4 Rc8 11. b3 Qc7 12. e5 Nh5 13. Nf1 g6 14. Ne3 Rfd8 15. Ng4
Rf8 16. Bh6 Rfe8 17. Qd2 c5 18. cxd5 Bxd5 19. Rac1 Qb7 20. Ne1 Bxg2 21. Nxg2
Ng7 22. dxc5 Red8 23. Bxg7 Kxg7 24. Qh6+ Kh8 25. cxb6 axb6 26. Rxc8 Qxc8 27.
N2e3 Qc5 28. Rxd7 Qc1+ 29. Nf1 Qxh6 30. Rxd8+ 1-0

[Event "Corona Amateur Tournament (C-HTO)"]
[Site "Biel/Bienne"]
[Date "2020.07.27"]
[Round "7.22"]
[White "Krivenko, Dion"]
[Black "Pellicoro, Nathalie"]
[Result "1-0"]
[WhiteElo "2046"]
[BlackElo "1856"]
[Annotator "olive"]
[PlyCount "62"]
[EventDate "2020.07.20"]

1. e4 c5 2. Nf3 e6 3. d3 Nc6 4. g3 d5 5. Nbd2 Nf6 6. Bg2 b6 7. O-O Be7 8. e5
Nd7 9. Re1 Qc7 10. Qe2 Ba6 11. Nf1 h6 12. h4 O-O-O 13. N1h2 Rdg8 14. c4 d4 15.
a3 g5 16. hxg5 hxg5 17. Ng4 Bb7 18. b4 Nd8 19. bxc5 bxc5 20. Rb1 f5 21. exf6
Nxf6 22. Rxb7 Qxb7 23. Nxg5 Qb6 24. Ne5 Rg7 25. a4 Rhg8 26. Nef3 Bd6 27. Bd2 a5
28. Qf1 Re7 29. Bh3 Rge8 30. Rb1 Qc7 31. Qe1 Nd7 {Partien wegen
Notationsfehlern oder unleserlicher Schrift auf beiden Seiten nicht
reproduzierbar.} 1-0

[Event "Corona Amateur Tournament (C-HTO)"]
[Site "Biel/Bienne"]
[Date "2020.07.27"]
[Round "7.23"]
[White "Moerwald, Magdalena"]
[Black "Bonferroni, Thierry"]
[Result "1/2-1/2"]
[WhiteElo "1791"]
[BlackElo "1964"]
[PlyCount "62"]
[EventDate "2020.07.20"]

1. e4 Nc6 2. d4 d5 3. e5 Bf5 4. c3 e6 5. Bd3 Nge7 6. Bg5 Qd7 7. Bxe7 Nxe7 8.
Ne2 c5 9. Na3 Bxd3 10. Qxd3 Nc6 11. f4 c4 12. Qg3 Bxa3 13. bxa3 O-O 14. O-O f6
15. Qe3 fxe5 16. fxe5 Rxf1+ 17. Rxf1 Rf8 18. Rxf8+ Kxf8 19. Nf4 Qf7 20. Qf2 Ke7
21. Qh4+ Kd7 22. Qg4 Ne7 23. g3 Ng6 24. Nxg6 Qxg6 25. Qd1 b5 26. Qc1 Qe8 27.
Qb1 Kc6 28. Qb4 Kb7 29. a4 a6 30. axb5 axb5 31. a4 Kb6 1/2-1/2

[Event "Corona Amateur Tournament (C-HTO)"]
[Site "Biel/Bienne"]
[Date "2020.07.27"]
[Round "7.24"]
[White "Zafeiridis, Athanasios"]
[Black "Perreard, Nicolas"]
[Result "0-1"]
[WhiteElo "1504"]
[BlackElo "1956"]
[PlyCount "113"]
[EventDate "2020.07.20"]

1. e4 e5 2. Nf3 Nf6 3. Nc3 Bb4 4. a3 Bxc3 5. dxc3 d6 6. Bd3 h6 7. h3 O-O 8. O-O
b6 9. Qe2 Bb7 10. Nh2 Nbd7 11. f3 Re8 12. Ng4 Nh5 13. Qf2 Nf8 14. f4 exf4 15.
Bxf4 Nxf4 16. Qxf4 Re7 17. e5 dxe5 18. Nxe5 Qd5 19. Nf3 Ng6 20. Bxg6 fxg6 21.
Rad1 Qb5 22. Qb4 Qxb4 23. cxb4 c5 24. bxc5 bxc5 25. Rfe1 Rae8 26. Kf2 Kf7 27.
Rxe7+ Rxe7 28. Re1 Rxe1 29. Nxe1 Ke6 30. Nd3 Kd6 31. g3 g5 32. Ke3 Bg2 33. Nf2
Kd5 34. Kd3 Bf1+ 35. Kc3 h5 36. b4 cxb4+ 37. axb4 h4 38. gxh4 gxh4 39. Nd3 g5
40. Nf2 Ke5 41. Kd2 Kf4 42. Ke1 Bc4 43. Kd2 Kf3 44. Ke1 Be6 45. Kf1 Ke3 46. Kg1
Kd4 47. Kh2 Bf5 48. Kg2 Kc3 49. b5 Kxc2 50. Kf3 Kb3 51. Ne4 Bxe4+ 52. Kxe4 Kb4
53. Kf5 Kxb5 54. Kxg5 a5 55. Kxh4 a4 56. Kg5 a3 57. h4 0-1

[Event "Corona Amateur Tournament (C-HTO)"]
[Site "Biel/Bienne"]
[Date "2020.07.27"]
[Round "7.26"]
[White "Pahud, Cedric"]
[Black "Freiburghaus, Simon"]
[Result "1-0"]
[WhiteElo "2225"]
[BlackElo "1717"]
[PlyCount "49"]
[EventDate "2020.07.20"]

1. e4 c5 2. Nf3 Nc6 3. Nc3 e6 4. d4 cxd4 5. Nxd4 Bb4 6. Nxc6 Bxc3+ 7. bxc3 bxc6
8. Ba3 d5 9. exd5 cxd5 10. Qg4 g6 11. Qb4 Ne7 12. Bb5+ Bd7 13. Bxd7+ Qxd7 14.
Qh4 Rc8 15. Qf6 Rg8 16. Rb1 Qc7 17. O-O Nf5 18. Rfe1 Qd7 19. Rb3 Nd6 20. Bxd6
Qxd6 21. Rb7 Rf8 22. Reb1 Qc5 23. R1b5 Qa3 24. g3 Qd6 25. Rxd5 1-0